17 vấn đề của doanh nghiệp /

Wedi'i Gadw mewn:
Manylion Llyfryddiaeth
Prif Awdur: Vương Liêm
Fformat: Sách giấy
Iaith:Vietnamese
Cyhoeddwyd: Tp. HCM : Trẻ, 1999
Pynciau:
Tagiau: Ychwanegu Tag
Dim Tagiau, Byddwch y cyntaf i dagio'r cofnod hwn!
Thư viện lưu trữ: Thư viện Trường Đại học Đà Lạt
LEADER 00695nam a2200289 4500
001 DLU030020971
003 ##DLU
005 ##11/10/1978
008 ##021230t vn z000 vie d
040 # # |a DLU  |b vie 
041 # # |a vie 
044 # # |a vn 
082 # # |a 658.001  |b VU-L 
100 # # |a Vương Liêm 
245 # # |a 17 vấn đề của doanh nghiệp /  |c Vương Liêm 
260 # # |a Tp. HCM :  |b Trẻ,  |c 1999 
300 # # |a 339 tr. ;  |c 23 cm 
650 # # |a Doanh nghiệp  |x Quản lý. 
992 # # |a 35000 
994 # # |a DLU 
900 # # |a True 
911 # # |a Thái Thị Thanh Thủy 
925 # # |a G 
926 # # |a A 
927 # # |a SH 
980 # # |a Thư viện Trường Đại học Đà Lạt